000 00465nam a22001337a 4500
082 _a658
100 _aरवि शंंकर तिवारी
_981679
245 _aसाामान्‍य प्रबंधन
250 _aद्वितीय
260 _aदि‍ल्‍ली
_bगोोल्‍डन पीकॉक पब्‍लिकेशन
_c2023
300 _a203
650 _a658/ प्रबंधन
_981680
942 _cHIN
999 _c65840
_d65840